000 01687nam a22004217a 4500
003 CHAP
005 20220329143810.0
008 110907s2011 mx r 00010 spa d
010 _a102037
011 _a103009
035 _a113698
040 _cCHAP
090 _aTesis
100 1 _aAlarcón Rodríguez, Norma Marina.
_93376
245 1 0 _aCaracterización de la diversidad genética de Phytophthora infestans (Mont.) de Bary en Chapingo, México
_h[En línea]
_c/por Norma Marina Alarcón Rodríguez
260 _aChapingo, Méx. :
_bEl autor,
_c2011
500 _aPara ver el contenido del material haga clic en la liga
502 _aTesis (Ph.D. en Ciencias en Horticultura) -- UACH. Departamento de Fitotecnia
590 _aALEPH
_b10
_c20130110
_lUCH01
_h1542
590 _aBATCH-UPD
_b10
_c20130110
_lUCH01
_h1120
590 _aBATCH-UPD
_b10
_c20130410
_lUCH01
_h0710
590 _aBATCH-UPD
_b10
_c20130913
_lUCH01
_h2343
590 _aBATCH-UPD
_b10
_c20140324
_lUCH01
_h1527
590 _aBATCH-UPD
_b10
_c20141002
_lUCH01
_h0850
590 _aBATCH
_b00
_c20181121
_lUCH01
_h0758
590 _aCONVERSION
_b10
_c20130109
_lUCH01
_h1356
650 1 4 _aGenética bacteriana.
_947486
650 1 4 _aPapa
_xEnfermedades por hongos.
_985229
650 1 4 _aPapa
_zMéxico (Edo.).
_985306
650 1 4 _aPhytophthora infestans.
_987925
650 1 4 _aTizón tardío de la papa.
_9113451
856 _3Finding aid
_uhttp://10.13.5.2/tesis/113698.pdf
_zTeclea aqui
856 _a1
_n0000157
901 _aBK
942 _cFOLL
949 _aTesis
_bBC
_cTES
_d33724002303090
_eTS1
_gDonaciØn
_h52691
_i113698
_st
949 _aTesis
_bBC
_cTES
_d33724002303132
_eTS2
_fc.2
_gDonaciØn
_h52692
_i113698
_st
999 _c102037
_d102037